Statistiques concernant Focus sur: Gil-galad - Tolkien

Cliquez ici pour prendre le quiz!

Statistiques générales

  • Ce quiz a été pris 11 fois
  • Le résultat moyen est 7 sur 15

Statistiques - réponses

Informations recherchéesRéponses% Correct
EspèceElfe
100%
Profession et titreHaut-Roi des Noldor
100%
Ages durant lesquels il vécutPremier/Deuxième
100%
Couleur des cheveuxNoir
90%
Première apparitionLe Silmarillion
80%
Groupe de l'espèceNoldor
80%
Maison (lignée)Fingolfin
40%
PèreFingon
30%
Lindon
30%
Royaumes et contréesIle de {Balar}
10%
Acteur l'interprétant dans les filmsMark Ferguson
10%
Rodnor
10%
Artanáro
0%
Autres nomsEreinion
0%
Hithlum
0%

Distribution des résultats

Percentile par nombre de réponses

% des personnes avec chaque résultat

Votre développement - résultats

Vous n’avez pas pris ce quiz